000 00614nam a2200241Ia 4500
003 OSt
005 20221005120324.0
006 a|||||r|||| 00| 0
007 ta
008 221004b |||||||| |||| 00| 0 kan d
024 _a61100
037 _cTextual
040 _aCRL
_cCRL
_bkan
041 _2kan
_akan
082 _aO33,3NBH1,4, L0
100 _aBhairappa S. L. Au.
_9629006
245 0 _aDoora saridaru
260 _c1970
650 _a KANNAD LITERATURE
650 _aKANNAD FICTION
942 _hO33,3NBH1,4, L0
_cTEXL
_2cc
999 _c1037643
_d1037643